000 00645nam a2200205 i 4500
001 169897
003 ES-MaACL
005 20230906214231.0
008 081216s1908 fr |||| | fre d
080 _a82-293
100 1 _aNouguès, Jean.
_9139086
245 1 0 _aQuo Vadis?
_b: d'après le roman de Henryk Sienkiewicz /
_cHenri Cain ; musique de Jean Nouguès.
260 _aParis :
_bG. Astruc,
_c1908.
300 _a61 p. ;
_c18 cm.
594 _aLibreto de Henri Cain.
650 4 _aÓperas-
_vLibretos.
_9137584
700 1 _aCain, Henri.
_9137954
700 1 _aSienkiewicz, Henryk.
_9106230
852 4 _aES-MaACL
_j2244-F-8
_9R.140986
999 _c169897
_d169897